[Event "Lueneburg op-A"]
[Site "Lueneburg"]
[Date "2016.07.08"]
[Round "9"]
[White "Cuenca Jimenez, Jose Fernando"]
[Black "Simantsev, Mikhail"]
[Result "1-0"]
[WhiteElo "2525"]
[BlackElo "2456"]
[PlyCount "81"]
[EventDate "2016.07.01"]
[EventType "swiss"]
[EventRounds "9"]
[EventCountry "GER"]
[SourceTitle "CBM 173 Extra"]
[Source "ChessBase"]
[SourceDate "2016.08.29"]
[SourceVersion "1"]
[SourceVersionDate "2016.08.29"]
[SourceQuality "1"]

1. e4 c5 2. Nf3 e6 3. d4 cxd4 4. Nxd4 Nc6 5. Nc3 Qc7 6. Be3 a6 7. Bd3 Nf6 8.
O-O Nxd4 9. Bxd4 Bc5 10. Be2 e5 11. Bxc5 Qxc5 12. Qd3 O-O 13. Rfd1 Rd8 14. Nd5
Nxd5 15. Qxd5 Qxd5 16. Rxd5 f6 17. Rd6 b5 18. c4 Rb8 19. Rad1 Kf8 20. c5 Rb7
21. Rxa6 Rc7 22. Rb6 Rxc5 23. Rxb5 Rc2 24. Bd3 Rc7 25. f3 Ba6 26. Rd5 Bb7 27.
Rd6 Bc6 28. b3 Ra8 29. a4 Ke7 30. Bb1 Rb8 31. R6d3 Rb4 32. Rc3 Rcb7 33. Bc2 g6
34. g4 R7b6 35. Kf2 f5 36. gxf5 gxf5 37. exf5 d5 38. Re1 Kd6 39. Rce3 e4 40.
fxe4 dxe4 41. Bxe4 1-0

[Event "ESP-ch 81st"]
[Site "Linares"]
[Date "2016.08.05"]
[Round "1"]
[White "Collado Barbas, Laura"]
[Black "Cuenca Jimenez, Jose Fernando"]
[Result "0-1"]
[WhiteElo "2113"]
[BlackElo "2541"]
[PlyCount "72"]
[EventDate "2016.08.05"]
[EventType "swiss"]
[EventRounds "9"]
[EventCountry "ESP"]
[SourceTitle "CBM 173 Extra"]
[Source "ChessBase"]
[SourceDate "2016.08.29"]
[SourceVersion "1"]
[SourceVersionDate "2016.08.29"]
[SourceQuality "1"]

1. d4 Nf6 2. c4 g6 3. Nc3 Bg7 4. e4 d6 5. Nf3 O-O 6. h3 e5 7. d5 Nh5 8. Nh2 Na6
9. Be2 Nf4 10. Bf3 Nc5 11. O-O Ncd3 12. Bxf4 Nxf4 13. Ne2 a5 14. Rb1 h5 15. b3
Bd7 16. a3 b6 17. Kh1 Qg5 18. h4 Qe7 19. g3 Nxe2 20. Qxe2 Bh6 21. Bg2 f6 22.
Rfd1 Kg7 23. Nf1 f5 24. Rb2 f4 25. Nh2 Rf7 26. Bf3 Raf8 27. Rg1 Kh8 28. Qd3 Rh7
29. Rbb1 Bg7 30. Rbf1 g5 31. g4 hxg4 32. Bxg4 f3 33. Bxd7 Qxd7 34. Rxg5 Rxh4
35. Rg3 Bh6 36. Rfg1 Qh7 0-1

[Event "ESP-ch 81st"]
[Site "Linares"]
[Date "2016.08.06"]
[Round "2"]
[White "Cuenca Jimenez, Jose Fernando"]
[Black "Perez Garcia, Alejandro"]
[Result "0-1"]
[WhiteElo "2541"]
[BlackElo "2305"]
[PlyCount "118"]
[EventDate "2016.08.05"]
[EventType "swiss"]
[EventRounds "9"]
[EventCountry "ESP"]
[SourceTitle "CBM 173 Extra"]
[Source "ChessBase"]
[SourceDate "2016.08.29"]
[SourceVersion "1"]
[SourceVersionDate "2016.08.29"]
[SourceQuality "1"]

1. e4 e5 2. Nf3 d6 3. d4 exd4 4. Nxd4 Nf6 5. Nc3 Be7 6. Bf4 O-O 7. Qd2 d5 8.
Ndb5 Bb4 9. exd5 Re8+ 10. Be2 Ne4 11. Qd3 Bf5 12. Qf3 Nd7 13. O-O Ne5 14. Bxe5
Rxe5 15. Bd3 Nxc3 16. bxc3 Bxd3 17. cxd3 Rxd5 18. Nxc7 Rxd3 19. Qe2 Bxc3 20.
Rab1 Rd2 21. Qc4 Rc8 22. Qxc3 Rxc7 23. Qa5 b6 24. Qa6 h6 25. h3 Qd4 26. Qa3
Rcc2 27. Qf3 Rxa2 28. Rbe1 Qd5 29. Qf4 Qd8 30. Re3 Rd1 31. Rxd1 Qxd1+ 32. Kh2
Qd5 33. Re5 Qd7 34. Qe4 Qd6 35. f4 g6 36. Rd5 Qf6 37. Rd7 Ra5 38. Rc7 Kg7 39.
Rc6 Qd8 40. Qe3 Rc5 41. Rxc5 bxc5 42. Qxc5 Qb6 43. Qc3+ Qf6 44. Qd2 h5 45. Qe3
a5 46. Qe4 Qf5 47. Qd4+ Kh7 48. Qc4 Kg8 49. Qd4 Qb5 50. Qd8+ Kh7 51. Qe7 Qf5
52. Qd6 a4 53. Qb4 Qc2 54. Qe7 Qc4 55. Qe5 a3 56. f5 a2 57. fxg6+ Kxg6 58. Qg3+
Kf5 59. Qa3 Qf4+ 0-1

[Event "ESP-ch 81st"]
[Site "Linares"]
[Date "2016.08.07"]
[Round "3"]
[White "Perera Borrego, Mariela"]
[Black "Cuenca Jimenez, Jose Fernando"]
[Result "0-1"]
[WhiteElo "2157"]
[BlackElo "2541"]
[PlyCount "70"]
[EventDate "2016.08.05"]
[EventType "swiss"]
[EventRounds "9"]
[EventCountry "ESP"]
[SourceTitle "CBM 173 Extra"]
[Source "ChessBase"]
[SourceDate "2016.08.29"]
[SourceVersion "1"]
[SourceVersionDate "2016.08.29"]
[SourceQuality "1"]

1. d4 Nf6 2. Nf3 g6 3. c4 Bg7 4. Nc3 O-O 5. e4 d6 6. h3 e5 7. d5 Nh5 8. g3 Na6
9. a3 f5 10. exf5 gxf5 11. Ng5 Nf6 12. g4 Qe7 13. gxf5 Bxf5 14. Rg1 Kh8 15. Qf3
Qd7 16. Be3 Nc5 17. Bxc5 dxc5 18. Be2 Rae8 19. Qg3 h6 20. Qh4 Qe7 21. O-O-O Nh7
22. Nf3 e4 23. Qxe7 Rxe7 24. Nh4 Ng5 25. Bg4 Bh7 26. Rg2 Bd4 27. Bh5 Rg7 28.
Rf1 Rf4 29. Rg4 Nxh3 30. Rxf4 Nxf4 31. Bd1 Bf6 32. Rh1 Nd3+ 33. Kd2 Nxf2 34.
Rh2 Nd3 35. Nf5 Bxc3+ 0-1

[Event "ESP-ch 81st"]
[Site "Linares"]
[Date "2016.08.08"]
[Round "4"]
[White "Portela Peleteiro, Alberto"]
[Black "Cuenca Jimenez, Jose Fernando"]
[Result "1-0"]
[WhiteElo "2340"]
[BlackElo "2541"]
[PlyCount "121"]
[EventDate "2016.08.05"]
[EventType "swiss"]
[EventRounds "9"]
[EventCountry "ESP"]
[SourceTitle "CBM 173 Extra"]
[Source "ChessBase"]
[SourceDate "2016.08.29"]
[SourceVersion "1"]
[SourceVersionDate "2016.08.29"]
[SourceQuality "1"]

1. e4 c5 2. Nf3 d6 3. d4 cxd4 4. Nxd4 Nf6 5. Nc3 g6 6. Be3 Bg7 7. f3 O-O 8. Qd2
Nc6 9. Bc4 Bd7 10. O-O-O Rb8 11. Bb3 Na5 12. Bh6 Bxh6 13. Qxh6 b5 14. Nd5 e5
15. Nf5 Nxb3+ 16. axb3 Bxf5 17. exf5 Nxd5 18. Rxd5 Rb6 19. Rhd1 Qf6 20. g4 Rc8
21. f4 exf4 22. g5 Qg7 23. Qxg7+ Kxg7 24. f6+ Kg8 25. R1d4 h6 26. gxh6 Rc5 27.
b4 Rxd5 28. Rxd5 Kh7 29. Kd2 Kxh6 30. h4 f3 31. Ke3 Rc6 32. c3 Rc4 33. Kxf3
Rxh4 34. Rxb5 g5 35. Ra5 Rf4+ 36. Kg3 Rxf6 37. Rxa7 Kg6 38. b5 Rf5 39. c4 Rf4
40. Rc7 Rd4 41. b6 Rd3+ 42. Kf2 Rb3 43. Rc6 Kf5 44. Rxd6 Rxb2+ 45. Ke3 g4 46.
c5 g3 47. Kf3 Rb3+ 48. Kg2 Ke5 49. Rd2 Ke6 50. Rd6+ Ke5 51. Rd8 Kf4 52. Rd2 Kg4
53. Rd4+ Kg5 54. Rc4 f5 55. c6 f4 56. c7 Rb2+ 57. Kf3 Rb3+ 58. Ke4 Re3+ 59. Kd5
Re8 60. b7 g2 61. Rc1 1-0

[Event "ESP-ch 81st"]
[Site "Linares"]
[Date "2016.08.09"]
[Round "5"]
[White "Cuenca Jimenez, Jose Fernando"]
[Black "Kolotilina, Liudmila"]
[Result "1-0"]
[WhiteElo "2541"]
[BlackElo "2125"]
[PlyCount "75"]
[EventDate "2016.08.05"]
[EventType "swiss"]
[EventRounds "9"]
[EventCountry "ESP"]
[SourceTitle "CBM 173 Extra"]
[Source "ChessBase"]
[SourceDate "2016.08.29"]
[SourceVersion "1"]
[SourceVersionDate "2016.08.29"]
[SourceQuality "1"]

1. c4 e6 2. Nf3 d5 3. b3 a5 4. e3 a4 5. bxa4 Nf6 6. Be2 Ne4 7. O-O Be7 8. Bb2
Bf6 9. Bxf6 Qxf6 10. d4 Nd7 11. Bd3 O-O 12. Qc2 c5 13. cxd5 exd5 14. Bxe4 dxe4
15. Qxe4 cxd4 16. Qxd4 Qxd4 17. Nxd4 Rxa4 18. Nc3 Ra5 19. Rfc1 Nc5 20. Rab1 Ne6
21. Nb3 Ra6 22. Rd1 Nd8 23. a4 Rg6 24. Nd5 Nc6 25. Nc5 Bg4 26. Rd2 Bf3 27. Nf4
Rg5 28. Nxb7 Ne5 29. Kf1 Bxg2+ 30. Nxg2 Nf3 31. Ra2 Nxh2+ 32. Ke2 Rxg2 33. a5
f5 34. a6 Ng4 35. Kf3 Rh2 36. a7 h5 37. Nd6 h4 38. Rb6 1-0

[Event "ESP-ch 81st"]
[Site "Linares"]
[Date "2016.08.10"]
[Round "6"]
[White "Jimenez Bernal, Francisco"]
[Black "Cuenca Jimenez, Jose Fernando"]
[Result "0-1"]
[WhiteElo "2237"]
[BlackElo "2541"]
[PlyCount "72"]
[EventDate "2016.08.05"]
[EventType "swiss"]
[EventRounds "9"]
[EventCountry "ESP"]
[SourceTitle "CBM 173 Extra"]
[Source "ChessBase"]
[SourceDate "2016.08.29"]
[SourceVersion "1"]
[SourceVersionDate "2016.08.29"]
[SourceQuality "1"]

1. Nf3 Nf6 2. c4 g6 3. Nc3 Bg7 4. e4 d6 5. d4 O-O 6. Be2 Bg4 7. Be3 Nfd7 8. Ng1
Bxe2 9. Ngxe2 c5 10. O-O cxd4 11. Nxd4 Nc6 12. Rc1 Re8 13. f3 Qb6 14. Nf5 Qxb2
15. Nxg7 Kxg7 16. Qe1 Rac8 17. f4 Qa3 18. Qh4 Kg8 19. Rf3 Nf6 20. Rh3 h5 21.
Nd5 Ng4 22. Rf1 Qd3 23. f5 Qxe4 24. Rf4 Qb1+ 25. Rf1 Qb2 26. fxg6 fxg6 27. Nf4
Rf8 28. Qg5 Qf6 29. Qxg6+ Qxg6 30. Nxg6 Rxf1+ 31. Kxf1 e5 32. Rxh5 Nxe3+ 33.
Ke2 Kg7 34. Nxe5 Nxe5 35. Kxe3 Rxc4 36. Kd2 Ra4 0-1

[Event "ESP-ch 81st"]
[Site "Linares"]
[Date "2016.08.11"]
[Round "7"]
[White "Cuenca Jimenez, Jose Fernando"]
[Black "Domingo Nunez, Ruben"]
[Result "1-0"]
[WhiteElo "2541"]
[BlackElo "2321"]
[PlyCount "143"]
[EventDate "2016.08.05"]
[EventType "swiss"]
[EventRounds "9"]
[EventCountry "ESP"]
[SourceTitle "CBM 173 Extra"]
[Source "ChessBase"]
[SourceDate "2016.08.29"]
[SourceVersion "1"]
[SourceVersionDate "2016.08.29"]
[SourceQuality "1"]

1. Nf3 Nf6 2. g3 b6 3. c4 e6 4. Bg2 Bb7 5. O-O Be7 6. b3 O-O 7. Bb2 c5 8. e3 d6
9. Qe2 Nbd7 10. d3 Qc7 11. Nc3 Rac8 12. Rad1 Rfd8 13. Ne1 Bxg2 14. Nxg2 Qb7 15.
f4 d5 16. g4 d4 17. Nb1 dxe3 18. Nxe3 Ne8 19. f5 Nb8 20. fxe6 fxe6 21. Ng2 Qd7
22. Nf4 e5 23. Bxe5 Nc6 24. Bc3 Nf6 25. Ne6 Re8 26. g5 Bd6 27. gxf6 Rxe6 28.
Qg4 Ne5 29. Qxg7+ Qxg7+ 30. fxg7 Ng4 31. Rd2 Rh6 32. Re2 Bxh2+ 33. Kg2 Bd6 34.
Rfe1 Rg6 35. Kh3 Nh6 36. Rg2 Rxg2 37. Kxg2 Nf5 38. Nd2 Nxg7 39. Ne4 Be7 40. Re3
Nf5 41. Rh3 Rc6 42. Rh5 Rg6+ 43. Kf2 Nh4 44. Ng3 Bd6 45. Ne4 Be7 46. a4 Rg2+
47. Kf1 Rg6 48. Rd5 Kf7 49. a5 Ke8 50. a6 Nf3 51. Kf2 Ng5 52. Be5 Ne6 53. Bb8
Bh4+ 54. Ke3 Bd8 55. Nd6+ Ke7 56. Nc8+ Ke8 57. Nxa7 Bc7 58. Nc6 Bxb8 59. Nxb8
Nc7 60. a7 Rg7 61. Rd6 Na8 62. Nc6 Rd7 63. Rf6 Rc7 64. d4 cxd4+ 65. Kxd4 Kd7
66. Kd5 h5 67. Rh6 h4 68. Rd6+ Kc8 69. Rd8+ Kb7 70. Rb8+ Ka6 71. Rxa8 h3 72.
Rh8 1-0

[Event "ESP-ch 81st"]
[Site "Linares"]
[Date "2016.08.12"]
[Round "8"]
[White "Cuenca Jimenez, Jose Fernando"]
[Black "Alvarado Diaz, Alejandro"]
[Result "1-0"]
[WhiteElo "2541"]
[BlackElo "2441"]
[PlyCount "61"]
[EventDate "2016.08.05"]
[EventType "swiss"]
[EventRounds "9"]
[EventCountry "ESP"]
[SourceTitle "CBM 173 Extra"]
[Source "ChessBase"]
[SourceDate "2016.08.29"]
[SourceVersion "1"]
[SourceVersionDate "2016.08.29"]
[SourceQuality "1"]

1. c4 e6 2. Nf3 d5 3. b3 Nf6 4. g3 Be7 5. Bg2 O-O 6. O-O c5 7. Bb2 Nc6 8. e3
dxc4 9. bxc4 Qb6 10. Qc2 Nb4 11. Qb3 Rd8 12. d4 Bd7 13. Rd1 Nc6 14. Nbd2 Rac8
15. Rab1 Qa6 16. Bc3 Nb4 17. dxc5 Nc6 18. Qxb7 Qxa2 19. Nd4 Rb8 20. Nxc6 Rxb7
21. Nxe7+ Kf8 22. Bxb7 Kxe7 23. c6 Bc8 24. c7 Rd7 25. Bxc8 Rxc7 26. Bb7 a5 27.
Rdc1 Qa3 28. Bf3 Nd7 29. Ra1 Qd6 30. Bxa5 Rc8 31. Ne4 1-0

[Event "ESP-ch 81st"]
[Site "Linares"]
[Date "2016.08.13"]
[Round "9"]
[White "Asis Gargatagli, Hipolito"]
[Black "Cuenca Jimenez, Jose Fernando"]
[Result "1-0"]
[WhiteElo "2487"]
[BlackElo "2541"]
[PlyCount "73"]
[EventDate "2016.08.05"]
[EventType "swiss"]
[EventRounds "9"]
[EventCountry "ESP"]
[SourceTitle "CBM 173 Extra"]
[Source "ChessBase"]
[SourceDate "2016.08.29"]
[SourceVersion "1"]
[SourceVersionDate "2016.08.29"]
[SourceQuality "1"]

1. e4 e6 2. d4 d5 3. Nc3 Nf6 4. Bg5 Be7 5. e5 Nfd7 6. h4 h6 7. Be3 c5 8. Qg4
Rg8 9. dxc5 Nxe5 10. Qg3 Nbc6 11. O-O-O Qa5 12. Kb1 Qb4 13. a3 Qg4 14. Qh2 Bd7
15. f3 Qf5 16. g4 Qh7 17. Nb5 Kf8 18. h5 f6 19. Qg3 a6 20. Nd4 Rc8 21. f4 Nc4
22. Bd3 Qh8 23. Nxc6 Bxc6 24. Bd4 Be8 25. Nf3 g5 26. fxg5 hxg5 27. h6 Bf7 28.
h7 Rg7 29. Rh6 e5 30. Bxc4 dxc4 31. Nxe5 Rd8 32. Nxf7 Rxf7 33. Qh2 Rd7 34. c3
Bd8 35. c6 Rxh7 36. Bc5+ Kg8 37. Rxd7 1-0

[Event "ESP-ch rapid"]
[Site "Linares"]
[Date "2016.08.14"]
[Round "1"]
[White "Cuenca Jimenez, Jose Fernando"]
[Black "Duran Sampedroo, David"]
[Result "1-0"]
[WhiteElo "2541"]
[BlackElo "2117"]
[PlyCount "33"]
[EventDate "2016.08.14"]
[EventType "swiss (rapid)"]
[EventRounds "9"]
[EventCountry "ESP"]
[SourceTitle "CBM 173 Extra"]
[Source "ChessBase"]
[SourceDate "2016.08.29"]
[SourceVersion "1"]
[SourceVersionDate "2016.08.29"]
[SourceQuality "1"]

1. c4 c6 2. e4 d5 3. exd5 cxd5 4. cxd5 Nf6 5. Nc3 Nxd5 6. Nf3 Nc6 7. Bb5 Nxc3
8. bxc3 Bd7 9. d4 e6 10. O-O Bd6 11. Bd3 Qc7 12. Re1 Ne7 13. c4 Bf4 14. d5 O-O
15. Ba3 Bd6 16. Bxd6 Qxd6 17. dxe6 1-0

[Event "ESP-ch rapid"]
[Site "Linares"]
[Date "2016.08.14"]
[Round "2"]
[White "Lopez Mulet, Inigo"]
[Black "Cuenca Jimenez, Jose Fernando"]
[Result "0-1"]
[WhiteElo "2343"]
[BlackElo "2541"]
[PlyCount "78"]
[EventDate "2016.08.14"]
[EventType "swiss (rapid)"]
[EventRounds "9"]
[EventCountry "ESP"]
[SourceTitle "CBM 173 Extra"]
[Source "ChessBase"]
[SourceDate "2016.08.29"]
[SourceVersion "1"]
[SourceVersionDate "2016.08.29"]
[SourceQuality "1"]

1. d4 Nf6 2. c4 g6 3. f3 Bg7 4. e4 d6 5. Nc3 O-O 6. Be3 c5 7. Nge2 Nc6 8. d5
Ne5 9. Ng3 h5 10. Be2 h4 11. Nf1 e6 12. f4 Nxc4 13. Bxc4 b5 14. Bxb5 exd5 15.
exd5 Rb8 16. Qe2 Bg4 17. Qc4 a6 18. Bc6 Rxb2 19. Nd2 Qe7 20. Kf2 Rb4 21. Qf1
Bf5 22. h3 Nh5 23. Ne2 Bd3 24. Re1 Ng3 25. Qg1 Bxe2 26. Rxe2 Rxf4+ 27. Nf3 Re4
28. Nd2 Rxe3 29. Rxe3 Bd4 30. Nc4 Bxe3+ 31. Nxe3 Qf6+ 32. Ke1 Rb8 33. Ba4 Rb2
34. Bc2 Qc3+ 35. Kf2 Rxc2+ 36. Nxc2 Qxc2+ 37. Ke3 Qe2+ 38. Kf4 Qe4+ 39. Kg5
Qf4+ 0-1

[Event "ESP-ch rapid"]
[Site "Linares"]
[Date "2016.08.14"]
[Round "3"]
[White "Cuenca Jimenez, Jose Fernando"]
[Black "Vallejo Pons, Francisco"]
[Result "0-1"]
[WhiteElo "2541"]
[BlackElo "2713"]
[PlyCount "118"]
[EventDate "2016.08.14"]
[EventType "swiss (rapid)"]
[EventRounds "9"]
[EventCountry "ESP"]
[SourceTitle "CBM 173 Extra"]
[Source "ChessBase"]
[SourceDate "2016.08.29"]
[SourceVersion "1"]
[SourceVersionDate "2016.08.29"]
[SourceQuality "1"]

1. c4 f5 2. Nf3 Nf6 3. g3 g6 4. b4 e6 5. a3 b6 6. Bg2 Bb7 7. O-O Bg7 8. Bb2 O-O
9. d4 Qe7 10. Nbd2 Ne4 11. Qc2 Nxd2 12. Qxd2 d6 13. Ne1 Bxg2 14. Nxg2 Nd7 15.
Rae1 Nf6 16. f3 e5 17. d5 a5 18. b5 Qd7 19. e4 fxe4 20. fxe4 Qh3 21. Qg5 Bh6
22. Qh4 Qxh4 23. Nxh4 Ng4 24. Ng2 Bd2 25. Rxf8+ Rxf8 26. Re2 Bg5 27. h3 Nf6 28.
Ne1 Nd7 29. Kg2 Nc5 30. Nf3 Bh6 31. Ne1 Rf7 32. Kg1 Nb3 33. Kg2 Kg7 34. Nf3 Nc5
35. Ne1 Rf6 36. Kg1 Nb3 37. Kg2 Rf7 38. Nf3 a4 39. Ne1 Na5 40. Rc2 Be3 41. Nd3
Nb3 42. Bc3 Bc5 43. Nb2 Bxa3 44. Nxa4 Bc5 45. Nb2 Bd4 46. Nd3 Rf8 47. Bxd4 Nxd4
48. Rf2 Ra8 49. Nb4 Ra4 50. Rb2 h5 51. h4 Kf6 52. Rf2+ Kg7 53. Rb2 Kh6 54. Kh3
g5 55. hxg5+ Kxg5 56. Rb1 Ra3 57. Kh2 Kg4 58. Na6 Nf3+ 59. Kh1 Ra2 0-1

[Event "ESP-ch rapid"]
[Site "Linares"]
[Date "2016.08.14"]
[Round "4"]
[White "Semenova, Elena1"]
[Black "Cuenca Jimenez, Jose Fernando"]
[Result "1-0"]
[WhiteElo "2256"]
[BlackElo "2541"]
[PlyCount "87"]
[EventDate "2016.08.14"]
[EventType "swiss (rapid)"]
[EventRounds "9"]
[EventCountry "ESP"]
[SourceTitle "CBM 173 Extra"]
[Source "ChessBase"]
[SourceDate "2016.08.29"]
[SourceVersion "1"]
[SourceVersionDate "2016.08.29"]
[SourceQuality "1"]

1. e4 d6 2. d4 Nf6 3. Nc3 e5 4. dxe5 dxe5 5. Qxd8+ Kxd8 6. Bg5 Be7 7. O-O-O+
Nbd7 8. Bc4 Rf8 9. Nf3 Ne8 10. Nd5 Bxg5+ 11. Nxg5 h6 12. Nf3 Nd6 13. Bb3 f6 14.
Rhe1 c6 15. Nf4 exf4 16. Rxd6 Kc7 17. Re6 g5 18. Re7 Kb6 19. Bc4 Nc5 20. b4 Nd7
21. Rd1 g4 22. Nd2 Ne5 23. Kb2 Rd8 24. Be2 a5 25. Kb3 Rd6 26. Rxe5 Rxd2 27.
bxa5+ Rxa5 28. Rxa5 Rxe2 29. Ra8 Be6+ 30. Kc3 Rxf2 31. Rd6 g3 32. hxg3 Bg4 33.
gxf4 Rxf4 34. Ra4 Rf2 35. Rd8 Bd1 36. Rxd1 Rxg2 37. Rb4+ Kc7 38. Rf1 Rg3+ 39.
Kb2 Rg6 40. Rb3 Rg4 41. Rxf6 Rxe4 42. Rxh6 Re7 43. Rbh3 Kb6 44. Rh7 1-0

[Event "ESP-ch rapid"]
[Site "Linares"]
[Date "2016.08.14"]
[Round "5"]
[White "Cuenca Jimenez, Jose Fernando"]
[Black "Sanz Wawer, Daniel"]
[Result "1-0"]
[WhiteElo "2541"]
[BlackElo "2014"]
[PlyCount "41"]
[EventDate "2016.08.14"]
[EventType "swiss (rapid)"]
[EventRounds "9"]
[EventCountry "ESP"]
[SourceTitle "CBM 173 Extra"]
[Source "ChessBase"]
[SourceDate "2016.08.29"]
[SourceVersion "1"]
[SourceVersionDate "2016.08.29"]
[SourceQuality "1"]

1. c4 e5 2. Nc3 Nc6 3. Nf3 g6 4. d4 exd4 5. Nxd4 Bg7 6. Nxc6 bxc6 7. e4 Ne7 8.
Be3 d6 9. Bd4 O-O 10. Bxg7 Kxg7 11. Be2 Be6 12. O-O c5 13. f4 f5 14. b3 Nc6 15.
Bf3 Nd4 16. exf5 Nxf3+ 17. Qxf3 Bxf5 18. Rae1 Re8 19. Rxe8 Qxe8 20. Nd5 Qe4 21.
Nxc7 1-0

[Event "ESP-ch rapid"]
[Site "Linares"]
[Date "2016.08.14"]
[Round "6"]
[White "Vinuela Diaz, Saul"]
[Black "Cuenca Jimenez, Jose Fernando"]
[Result "0-1"]
[WhiteElo "2170"]
[BlackElo "2541"]
[PlyCount "227"]
[EventDate "2016.08.14"]
[EventType "swiss (rapid)"]
[EventRounds "9"]
[EventCountry "ESP"]
[SourceTitle "CBM 173 Extra"]
[Source "ChessBase"]
[SourceDate "2016.08.29"]
[SourceVersion "1"]
[SourceVersionDate "2016.08.29"]
[SourceQuality "1"]

1. d4 Nf6 2. c4 g6 3. Nc3 Bg7 4. Nf3 O-O 5. Bf4 d6 6. h3 c5 7. e3 Nc6 8. Be2
Qb6 9. a3 Nh5 10. Nd5 Qd8 11. Bh2 b6 12. O-O Bb7 13. Rb1 Rc8 14. b4 e6 15. Nc3
cxd4 16. exd4 d5 17. c5 a6 18. b5 axb5 19. Rxb5 bxc5 20. Rxb7 cxd4 21. Nb5 e5
22. Na7 Nxa7 23. Rxa7 d3 24. Bxd3 e4 25. Ba6 Ra8 26. Rxa8 Qxa8 27. Bb5 exf3 28.
Qxf3 Nf6 29. a4 Ne4 30. Rc1 Bd4 31. Bg3 Qa5 32. Qd3 Qa7 33. Rc2 Rd8 34. Qf3 Bb6
35. Bd3 Qxa4 36. Be5 Bd4 37. Bxd4 Qxd4 38. Bxe4 dxe4 39. Qe2 Re8 40. Rd2 Qc5
41. Qe3 Qc1+ 42. Kh2 Qc7+ 43. Kg1 h5 44. g3 Qe5 45. Kg2 Rc8 46. Rd4 Re8 47. Rd2
Qf6 48. Rd4 Qc6 49. Kh2 Kh7 50. Qf4 Qe6 51. Rd6 Qe7 52. Rd5 Kg8 53. Qe3 h4 54.
Rd4 hxg3+ 55. Qxg3 Qf6 56. Rc4 Qf5 57. Rc3 Ra8 58. Qe3 Re8 59. Ra3 Qe5+ 60. Qg3
Qd4 61. Re3 Re5 62. Kg2 Rf5 63. Qg4 Re5 64. Qc8+ Kh7 65. Qg4 Qd5 66. h4 Kg7 67.
Qf4 Qd4 68. Qg4 Qd5 69. Qf4 Qe6 70. Kg3 Qe7 71. Qg4 Qc7 72. Qf4 Qe7 73. Qg4 Qe8
74. Qf4 f6 75. Ra3 Re7 76. Qe3 Qb8+ 77. Kg2 Qc7 78. Ra4 Qe5 79. Ra7 Kh7 80.
Rxe7+ Qxe7 81. Qg3 Qd7 82. Kh2 Qf5 83. Kg2 Kh6 84. Qb8 Kh5 85. Qh8+ Kg4 86. h5
gxh5 87. Kf1 h4 88. Qg7+ Qg5 89. Qd7+ Kf4 90. Qc7+ Kf5 91. Qd7+ Kf4 92. Qc7+
Kg4 93. Qh2 Qc1+ 94. Kg2 Qc3 95. Qd6 Qf3+ 96. Kg1 h3 97. Qd7+ Kg5 98. Qg7+ Kf5
99. Qd7+ Ke5 100. Qe7+ Kd4 101. Qa7+ Kd3 102. Qa3+ Kd2 103. Qa2+ Kc3 104. Qa3+
Kc4 105. Qa4+ Kd5 106. Qb5+ Kd4 107. Qb4+ Ke5 108. Qb8+ Kf5 109. Qc8+ Kf4 110.
Qc7+ Kg5 111. Qg7+ Kh4 112. Qh6+ Qh5 113. Qe3 Qg5+ 114. Qg3+ 0-1

[Event "ESP-ch rapid"]
[Site "Linares"]
[Date "2016.08.14"]
[Round "7"]
[White "Cuenca Jimenez, Jose Fernando"]
[Black "Diaz Velandia, Jose Manuel"]
[Result "1-0"]
[WhiteElo "2541"]
[BlackElo "2343"]
[PlyCount "121"]
[EventDate "2016.08.14"]
[EventType "swiss (rapid)"]
[EventRounds "9"]
[EventCountry "ESP"]
[SourceTitle "CBM 173 Extra"]
[Source "ChessBase"]
[SourceDate "2016.08.29"]
[SourceVersion "1"]
[SourceVersionDate "2016.08.29"]
[SourceQuality "1"]

1. c4 c6 2. e4 e5 3. Nf3 Qa5 4. Nc3 Nf6 5. Be2 Bb4 6. Qc2 O-O 7. O-O Na6 8. d3
Be7 9. a3 d6 10. h3 Bd7 11. Be3 c5 12. Rab1 Qc7 13. b4 b6 14. Ne1 Nb8 15. b5
Be6 16. Kh2 Nbd7 17. g3 Ne8 18. f4 f5 19. exf5 Bxf5 20. Bf3 Rb8 21. Be4 exf4
22. gxf4 g6 23. Nf3 Ng7 24. Rbe1 Nf6 25. Ng5 Qd7 26. Qg2 Kh8 27. Bc1 Nfh5 28.
Nd5 Bf6 29. Nxf6 Nxf6 30. Bb2 Rbd8 31. Bc6 Qc7 32. Ne4 Nfh5 33. Rf2 Bd7 34. Bd5
Nxf4 35. Qg5 Nxd5 36. Rxf8+ Rxf8 37. Qh6 Nc3 38. Bxc3 d5+ 39. Kg1 d4 40. Bd2
Kg8 41. Bg5 Nf5 42. Bf4 Qd8 43. Qg5 Qxg5+ 44. Bxg5 Kf7 45. Nd6+ Kg8 46. Ne4 Kf7
47. a4 Bc8 48. a5 Bb7 49. Ng3 Nxg3 50. Re7+ Kg8 51. Rxb7 Rf5 52. Bd8 Ne2+ 53.
Kg2 Nf4+ 54. Kg3 Nxd3 55. Rxa7 Ne5 56. axb6 d3 57. b7 Nd7 58. Ra3 Rf8 59. Bc7
Nf6 60. Rxd3 Ne4+ 61. Kg2 1-0

[Event "ESP-ch rapid"]
[Site "Linares"]
[Date "2016.08.14"]
[Round "8"]
[White "Almagro Mazariegos, Sebastian"]
[Black "Cuenca Jimenez, Jose Fernando"]
[Result "1/2-1/2"]
[WhiteElo "2303"]
[BlackElo "2541"]
[PlyCount "128"]
[EventDate "2016.08.14"]
[EventType "swiss (rapid)"]
[EventRounds "9"]
[EventCountry "ESP"]
[SourceTitle "CBM 173 Extra"]
[Source "ChessBase"]
[SourceDate "2016.08.29"]
[SourceVersion "1"]
[SourceVersionDate "2016.08.29"]
[SourceQuality "1"]

1. e4 e6 2. d4 d5 3. Nd2 c5 4. exd5 Qxd5 5. Ngf3 cxd4 6. Bc4 Qd7 7. O-O Nc6 8.
Nb3 Nf6 9. Nbxd4 Nxd4 10. Nxd4 a6 11. Re1 b5 12. Bb3 Bc5 13. c3 Bb7 14. Bg5
Bxd4 15. cxd4 O-O 16. Bxf6 gxf6 17. Qg4+ Kh8 18. Qh4 Qd8 19. Re3 f5 20. Qf4 Qf6
21. Qe5 Qxe5 22. dxe5 Rg8 23. g3 Rad8 24. Rd1 Rxd1+ 25. Bxd1 Rd8 26. Bf3 Bxf3
27. Rxf3 Rd2 28. Ra3 Rxb2 29. Rxa6 Re2 30. f4 b4 31. Ra4 Rb2 32. a3 b3 33. Rb4
Kg7 34. a4 Kg6 35. a5 Kh5 36. h3 Kg6 37. a6 Ra2 38. Rxb3 Rxa6 39. Rb2 Ra3 40.
Kg2 h5 41. h4 f6 42. Rb6 fxe5 43. Rxe6+ Kf7 44. Rxe5 Kf6 45. Rb5 Rc3 46. Rb6+
Kg7 47. Rb7+ Kg6 48. Rb8 Kg7 49. Re8 Rb3 50. Kf2 Rc3 51. Re3 Rc4 52. Rd3 Re4
53. Kf3 Kg6 54. Re3 Rb4 55. Ke2 Rd4 56. Rd3 Re4+ 57. Kd2 Ra4 58. Rd8 Kg7 59.
Ke3 Re4+ 60. Kd3 Ra4 61. Ke3 Re4+ 62. Kf3 Ra4 63. Re8 Ra3+ 64. Re3 Ra4 1/2-1/2

[Event "ESP-ch rapid"]
[Site "Linares"]
[Date "2016.08.14"]
[Round "9"]
[White "Cuenca Jimenez, Jose Fernando"]
[Black "Aranaz Murillo, Amalia"]
[Result "0-1"]
[WhiteElo "2541"]
[BlackElo "2269"]
[PlyCount "54"]
[EventDate "2016.08.14"]
[EventType "swiss (rapid)"]
[EventRounds "9"]
[EventCountry "ESP"]
[SourceTitle "CBM 173 Extra"]
[Source "ChessBase"]
[SourceDate "2016.08.29"]
[SourceVersion "1"]
[SourceVersionDate "2016.08.29"]
[SourceQuality "1"]

1. c4 Nf6 2. Nc3 e5 3. Nf3 Nc6 4. g3 Bb4 5. Nd5 Bc5 6. Bg2 O-O 7. O-O d6 8. d3
h6 9. e3 a6 10. b3 Nxd5 11. cxd5 Ne7 12. d4 exd4 13. Nxd4 Nf5 14. Ne2 Bd7 15.
Bb2 c6 16. e4 Ne7 17. Nf4 cxd5 18. exd5 Ng6 19. Nh5 Ne5 20. h3 Bb5 21. Re1 Nd3
22. Bxg7 Bxf2+ 23. Kh2 Nxe1 24. Bf6 Qc8 25. Qd2 Qf5 26. g4 Qc2 27. Qxh6 Bg3+
0-1